| 000 | 01332nam a2200397 c 4500 | ||
|---|---|---|---|
| 001 | 1958 | ||
| 003 | ES-MaCES | ||
| 005 | 20150925135745.0 | ||
| 008 | 941205s1994 sp ||| | spa d | ||
| 017 |
_aM. 21.595-1994 _bDL |
||
| 020 | _a8481880043 | ||
| 035 | _aCES19980019695m | ||
| 040 |
_aES-MaCES _bspa _cES-MaCES |
||
| 100 | 1 |
_aOrtiz Lallana, Carmen _920094 |
|
| 245 | 1 | 3 |
_aLa intervención del sindicato en el proceso de trabajo _cMª Carmen Ortiz Lallana |
| 250 | _a[1ª ed.] | ||
| 260 |
_aMadrid _bConsejo Económico y Social _c1994 |
||
| 300 |
_a271 p. _c23 cm |
||
| 490 | 1 |
_aColección Estudios _vn. 7 |
|
| 504 | _aBibliografía: p. 261-271 | ||
| 541 | _cGratuito | ||
| 650 | 4 |
_asindicalización _929454 |
|
| 650 | 4 |
_areconocimiento sindical _929340 |
|
| 650 | 4 |
_alibertad sindical _927177 |
|
| 650 | 4 |
_arepresentación de los trabajadores _928379 |
|
| 650 | 4 |
_aconflicto de trabajo _928367 |
|
| 650 | 4 |
_aarreglo de conflicto _927305 |
|
| 650 | 4 |
_aEspaña _926964 |
|
| 653 | 1 | 0 | _aDerecho del trabajo y Seguridad Social |
| 650 | 4 |
_928377 _asindicato |
|
| 710 | 2 |
_aConsejo Económico y Social (España) _eed. _92408 |
|
| 830 | 0 |
_aColección Estudios (Consejo Económico y Social (España)) _v7 _932341 |
|
| 902 | _aLIB Libro | ||
| 942 |
_2CES _cBK _h6.0.1. |
||
| 999 |
_c1958 _d1958 |
||